Property market report (Record no. 119204)
[ view plain ]
| 000 -LEADER | |
|---|---|
| fixed length control field | 01944cas a22002895a 4500 |
| 001 - CONTROL NUMBER | |
| control field | L145849 |
| 008 - FIXED-LENGTH DATA ELEMENTS--GENERAL INFORMATION | |
| fixed length control field | 110815c2001 xxkfr w s 0 a0eng d |
| 035 ## - SYSTEM CONTROL NUMBER | |
| System control number | (Sirsi) u145849 |
| 041 0# - LANGUAGE CODE | |
| Language code of text/sound track or separate title | eng |
| 050 ## - LIBRARY OF CONGRESS CALL NUMBER | |
| Classification number | 333.32 $2 18 |
| 110 2# - MAIN ENTRY--CORPORATE NAME | |
| Corporate name or jurisdiction name as entry element | Valuation Office Agency |
| 9 (RLIN) | 3141 |
| 245 00 - TITLE STATEMENT | |
| Title | Property market report |
| Medium | [electronic resource] |
| 260 ## - PUBLICATION, DISTRIBUTION, ETC. | |
| Place of publication, distribution, etc. | London |
| Name of publisher, distributor, etc. | VOA |
| Date of publication, distribution, etc. | 2001- |
| 362 0# - DATES OF PUBLICATION AND/OR SEQUENTIAL DESIGNATION | |
| Dates of publication and/or sequential designation | Spring 2001- |
| 490 #0 - SERIES STATEMENT | |
| Series statement | Property Market Report |
| 505 2# - FORMATTED CONTENTS NOTE | |
| Formatted contents note | Economic indicators -- Agricultural land and property -- Residential building land -- The housing market -- Commercial development -- Property investment -- Shopping centre yeilds -- Shops -- Offices -- Industry -- Methodology |
| 520 ## - SUMMARY, ETC. | |
| Summary, etc. | Prepared from local market evidence (usually district valuer's opinions). Provides valuations for typical property types, including all major sectors across UK regions. Presents data on typical values of housing stock, new and second-hand, for typical housing types in selected cities. Details rental values for different types of offices and shops. Presents capital and rental values for typical classes of industrial buildings.Tables. |
| 650 24 - SUBJECT ADDED ENTRY--TOPICAL TERM | |
| Topical term or geographic name entry element | VOA PROPERTY MARKET REPORT |
| 651 #4 - SUBJECT ADDED ENTRY--GEOGRAPHIC NAME | |
| Geographic name | United Kingdom |
| 690 ## - LOCAL SUBJECT ADDED ENTRY--TOPICAL TERM (OCLC, RLIN) | |
| Topical term or geographic name as entry element | PROPERTY-COMMERCIAL PROPERTY-COMMERCIAL PROPERTY MARKET |
| 690 ## - LOCAL SUBJECT ADDED ENTRY--TOPICAL TERM (OCLC, RLIN) | |
| Topical term or geographic name as entry element | PROPERTY-RESIDENTIAL PROPERTY-RESIDENTIAL PROPERTY MARKET |
| 780 00 - PRECEDING ENTRY | |
| Title | VOA Property Market Report (hard copy) |
| 856 40 - ELECTRONIC LOCATION AND ACCESS | |
| Uniform Resource Identifier | <a href="https://webarchive.nationalarchives.gov.uk/ukgwa/20141002132829/http:/www.voa.gov.uk/dvs/propertyMarketReport/1982/index.html">https://webarchive.nationalarchives.gov.uk/ukgwa/20141002132829/http:/www.voa.gov.uk/dvs/propertyMarketReport/1982/index.html</a> |
| Public note | View the 1982 VOA report |
| 856 40 - ELECTRONIC LOCATION AND ACCESS | |
| Uniform Resource Identifier | <a href="https://www.voa.gov.uk/dvs/propertyMarketReport/index.html">https://www.voa.gov.uk/dvs/propertyMarketReport/index.html</a> |
| Public note | View the 2011 annual report at www.voa.gov.uk |
| 856 40 - ELECTRONIC LOCATION AND ACCESS | |
| Uniform Resource Identifier | <a href="https://webarchive.nationalarchives.gov.uk/20110320170052/http://www.voa.gov.uk/publications/property_market_report/index.htm">https://webarchive.nationalarchives.gov.uk/20110320170052/http://www.voa.gov.uk/publications/property_market_report/index.htm</a> |
| Public note | View the Spring 2001- 2010 reports free of charge at http://webarchive.nationalarchives.gov.uk |
| 942 ## - ADDED ENTRY ELEMENTS (KOHA) | |
| Suppress in OPAC | 0 |
| Source of classification or shelving scheme | Dewey Decimal Classification |
| Withdrawn status | Lost status | Source of classification or shelving scheme | Damaged status | Not for loan | Home library | Current library | Shelving location | Date acquired | Total Checkouts | Full call number | Barcode | Date last seen | Copy number | Price effective from | Koha item type |
|---|---|---|---|---|---|---|---|---|---|---|---|---|---|---|---|
| Dewey Decimal Classification | Virtual | Virtual | Online | 13/11/2008 | ONLINE PUBLICATION | 145849-2001 | 06/08/2019 | 1 | 06/08/2019 | Book |